Les 20 villes les plus peuplées de l'Ardèche sur une carte - Statistiques

Statistiques générales
  • Ce quiz a été pris 94 fois
  • Le résultat moyen est 9 sur 20
Réponses sur la Carte
Les réponses sont colorées sur une échelle allant du rouge au vert en fonction du pourcentage des utilisateurs qui les ont devinées à leur premier essai. Vous pouvez retrouver ces pourcentages ci-dessous.
 
Statistiques - réponses
Population Ville % Correct
8 552 Privas
96%
17 222 Annonay
91%
12 488 Aubenas
86%
11 302 Tournon-sur-Rhône
80%
8 812 Le Teil
61%
11 277 Guilherand-Granges
49%
7 506 Bourg-Saint-Andéol
44%
4 762 La Voulte-sur-Rhône
44%
2 893 Le Pouzin
38%
2 812 Le Cheylard
37%
7 591 Saint-Péray
35%
3 479 Vals-les-Bains
35%
3 659 Viviers
35%
2 954 Cruas
33%
3 181 Davézieux
32%
3 160 Charmes-sur-Rhône
23%
3 094 Chomérac
20%
3 031 Villeneuve-de-Berg
19%
2 723 Roiffieux
18%
2 894 Saint-Étienne-de-Fontbellon
11%
Aucun quiz correspondant
Distribution des résultats
% des personnes avec chaque résultat
Percentile par nombre de réponses
Votre historique - résultats
Vous n’avez pas pris ce quiz